<?xml version="1.0" encoding="UTF-8"?>
<marc:record xmlns:marc="http://www.loc.gov/MARC21/slim">
   <marc:leader>00000nam a2200000 a 4500</marc:leader>
   <marc:datafield ind1="1" ind2=" " tag="100">
      <marc:subfield code="a">Benedict, Marie</marc:subfield>
      <marc:subfield code="4">aut</marc:subfield>
      <marc:subfield code="e">Verfasser/-in</marc:subfield>
   </marc:datafield>
   <marc:datafield ind1=" " ind2=" " tag="653">
      <marc:subfield code="a">England</marc:subfield>
   </marc:datafield>
   <marc:datafield ind1=" " ind2=" " tag="653">
      <marc:subfield code="a">Geheimnis</marc:subfield>
   </marc:datafield>
   <marc:datafield ind1=" " ind2=" " tag="653">
      <marc:subfield code="a">Literaturgeschichte</marc:subfield>
   </marc:datafield>
   <marc:datafield ind1=" " ind2=" " tag="653">
      <marc:subfield code="a">autor</marc:subfield>
   </marc:datafield>
   <marc:datafield ind1="0" ind2="0" tag="245">
      <marc:subfield code="a">Mrs Agatha Christie</marc:subfield>
   </marc:datafield>
   <marc:datafield ind1="0" ind2="0" tag="245">
      <marc:subfield code="b">Roman</marc:subfield>
   </marc:datafield>
   <marc:datafield ind1=" " ind2="1" tag="264">
      <marc:subfield code="b">Verlag Kiepenheuer &amp; Witsch</marc:subfield>
      <marc:subfield code="c">2022</marc:subfield>
   </marc:datafield>
   <marc:datafield ind1="1" ind2=" " tag="490">
      <marc:subfield code="a">Starke Frauen im Schatten der Weltgeschichte</marc:subfield>
   </marc:datafield>
   <marc:datafield ind1="1" ind2=" " tag="520">
      <marc:subfield code="a">Über eines der größten Geheimnisse der Literaturgeschichte: Agatha Christies elftägiges Verschwinden im Jahr 1926.
Im Dezember 1926 wird Agatha Christie vermisst. Ermittler finden ihr leeres Auto am Rande eines tiefen, düsteren Teichs, darin ihr Pelzmantel – ungewöhnlich für eine eisige Nacht. Ihr Ehemann, ein Veteran des Ersten Weltkriegs, und ihre Tochter wissen nicht, wo sie sich aufhält, und England löst eine beispiellose Fahndung nach der Krimiautorin aus. Elf Tage später taucht sie wieder auf, genauso mysteriös, wie sie verschwunden war. Sie behauptet, an Amnesie gelitten zu haben und gibt keine Erklärung für ihre Abwesenheit ab. Bis heute weiß niemand, was damals geschah. Marie Benedict erzählt die Geschichte einer zunächst glücklichen Ehe, die jedoch mehr und mehr zerbricht, je erfolgreicher Agatha wird. Welche Rolle spielte ihr untreuer Ehemann, und was hat er den Ermittlern verschwiegen? Agatha Christies Verschwinden ist vielleicht ihr spannendster Fall. Marie Benedict liefert eine erschreckend plausible Lösung. </marc:subfield>
   </marc:datafield>
   <marc:datafield ind1=" " ind2=" " tag="020">
      <marc:subfield code="a">9783462002959</marc:subfield>
      <marc:subfield code="9">9783462002959</marc:subfield>
   </marc:datafield>
</marc:record>
